000 00946cab a2200289 4500
001 ABS56804
008 090401t1997 xxu||||| |||| 00| 0 eng d
035 _a(Sirsi) u78072
041 _aeng
100 _aWall, D.M.
245 _aDistributions and correlations in Monte Carlo simulation
260 _c1997
350 _a0
490 _aConstruction Management & Economics
_v[1997] 15(3) 241-258(17)
520 _aUses elemental rates from 216 office buildings to address the problems concerning distribution and correlation when using Monte Carlo simulation in cost analyses. References.
650 _aPROPERTY-COMMERCIAL PROPERTY
650 _aCORRELATION
650 _aCOST ANALYSIS
650 _aCOST ESTIMATING
650 _aCOST MODELS
650 _aMONTE CARLO SIMULATION
650 _aRISK ANALYSIS
650 _aRISK MANAGEMENT
690 _aBUILT ENVIRONMENT-BUILDING COSTS
942 _n0
948 _c30/04/1997
999 _c49121
_d49121